[Event "4. Open Ciudad de Tres Cantos 2012"]
[Site "Tres Cantos ESP"]
[Date "2012.06.29"]
[Round "9.16"]
[White "Rodriguez Dorado, Victor"]
[Black "Cabrera Fernandez, Daniel"]
[Result "1/2-1/2"]
[WhiteElo "1946"]
[BlackElo "1880"]
[PlyCount "64"]
[EventDate "2012.06.21"]
[EventType "swiss"]
[EventRounds "9"]
[EventCountry "ESP"]
[Source "lmi"]
[SourceDate "2012.06.21"]

1. c4 Nf6 2. Nf3 g6 3. Nc3 Bg7 4. g3 O-O 5. Bg2 c5 6. O-O Nc6 7. a3 d6 8. Rb1
Bf5 9. d3 Rc8 10. Bd2 Qd7 11. Re1 Bh3 12. Bh1 h6 13. b4 b6 14. Nb5 Ne8 15. Qa4
Nc7 16. bxc5 bxc5 17. Nh4 Nd4 18. e3 Ndxb5 19. cxb5 a6 20. Bc6 Qg4 21. b6 Qxa4
22. Bxa4 Nb5 23. b7 Rc7 24. Bxb5 axb5 25. Rxb5 Rb8 26. Reb1 Bd7 27. Rb6 Bc6 28.
Ra6 Rbxb7 29. Rxb7 Bxb7 30. Ra7 Rd7 31. a4 Bc6 32. Ra6 Bd5 1/2-1/2

[Event "4. Open Ciudad de Tres Cantos 2012"]
[Site "Tres Cantos ESP"]
[Date "2012.06.29"]
[Round "9.20"]
[White "Martinez Montalvo, Eduardo"]
[Black "Brull Cortes, Boris"]
[Result "0-1"]
[WhiteElo "1827"]
[BlackElo "1959"]
[PlyCount "52"]
[EventDate "2012.06.21"]
[EventType "swiss"]
[EventRounds "9"]
[EventCountry "ESP"]
[Source "lmi"]
[SourceDate "2012.06.21"]

1. e4 e6 2. b3 d5 3. Bb2 Nf6 4. e5 Nfd7 5. Qg4 c5 6. f4 Nc6 7. Nf3 a6 8. c3 b5
9. Na3 Qb6 10. d4 c4 11. Nc2 a5 12. Be2 Ba6 13. Nd2 g6 14. O-O Rc8 15. bxc4
bxc4 16. Rab1 Qa7 17. Ba3 Bxa3 18. Nxa3 Nxd4 19. cxd4 Qxd4+ 20. Rf2 Nc5 21. Nf3
Qc3 22. Nb5 Bxb5 23. Rxb5 Ne4 24. Rxd5 Qe3 25. Qh4 exd5 26. Ng5 Nxf2 0-1

[Event "4. Open Ciudad de Tres Cantos 2012"]
[Site "Tres Cantos ESP"]
[Date "2012.06.29"]
[Round "9.22"]
[White "Garcia De Quesada, Ignacio"]
[Black "Mauro Juarez, Benito"]
[Result "1-0"]
[WhiteElo "1909"]
[BlackElo "1728"]
[PlyCount "61"]
[EventDate "2012.06.21"]
[EventType "swiss"]
[EventRounds "9"]
[EventCountry "ESP"]
[Source "lmi"]
[SourceDate "2012.06.21"]

1. d4 e6 2. c4 Nf6 3. Nc3 c5 4. d5 exd5 5. cxd5 d6 6. e4 g6 7. Nf3 Bg7 8. h3
O-O 9. Bd3 b5 10. Bxb5 Nxe4 11. Nxe4 Qa5+ 12. Bd2 Qxb5 13. Nxd6 Qa6 14. Nxc8
Rxc8 15. Qe2 Qxe2+ 16. Kxe2 Rd8 17. Bc3 Nd7 18. Bxg7 Kxg7 19. Rhd1 Nb6 20. d6
Re8+ 21. Kf1 Rad8 22. Rac1 c4 23. b3 cxb3 24. axb3 Re6 25. Rc7 Rd7 26. Rxd7
Nxd7 27. Nd4 Rxd6 28. Nf5+ gxf5 29. Rxd6 Nb6 30. Ke2 Kf8 31. Kf3 1-0

[Event "4. Open Ciudad de Tres Cantos 2012"]
[Site "Tres Cantos ESP"]
[Date "2012.06.29"]
[Round "9.23"]
[White "Fernandez Gil, Ruben Carlos"]
[Black "Rezola Gimenez, Gonzalo"]
[Result "1-0"]
[WhiteElo "1888"]
[BlackElo "1468"]
[PlyCount "47"]
[EventDate "2012.06.21"]
[EventType "swiss"]
[EventRounds "9"]
[EventCountry "ESP"]
[Source "lmi"]
[SourceDate "2012.06.21"]

1. e4 c5 2. Nf3 e6 3. d4 cxd4 4. Nxd4 d6 5. Nc3 Nc6 6. Bc4 Nf6 7. Nxc6 bxc6 8.
Bg5 h6 9. Bh4 g5 10. Bg3 Qb6 11. O-O Bg7 12. e5 Nh7 13. Ne4 O-O 14. Kh1 f5 15.
exf6 Nxf6 16. Nxf6+ Bxf6 17. Qd3 Kg7 18. Bxd6 Rf7 19. f4 Qd4 20. fxg5 Qxd3 21.
gxf6+ Rxf6 22. Bxd3 Rxf1+ 23. Rxf1 Bb7 24. Rf4 1-0

[Event "4. Open Ciudad de Tres Cantos 2012"]
[Site "Tres Cantos ESP"]
[Date "2012.06.29"]
[Round "9.24"]
[White "Martin-Consuegra Barrilero, Javier"]
[Black "Fernandez Muñoz, Emiliano"]
[Result "0-1"]
[WhiteElo "1880"]
[BlackElo "2050"]
[PlyCount "70"]
[EventDate "2012.06.21"]
[EventType "swiss"]
[EventRounds "9"]
[EventCountry "ESP"]
[Source "lmi"]
[SourceDate "2012.06.21"]

1. d4 Nf6 2. Bf4 d5 3. e3 Bf5 4. c4 e6 5. a3 c6 6. Nc3 Bd6 7. Bg3 Ne4 8. Nxe4
Bxe4 9. f3 Bxg3+ 10. hxg3 Bg6 11. f4 Nd7 12. b4 Nf6 13. Nf3 Ne4 14. g4 Ng3 15.
Rh2 Nxf1 16. Kxf1 dxc4 17. Ne5 Qd5 18. Rc1 b5 19. Qf3 Be4 20. Qg3 f6 21. Nf3 a5
22. Nd2 axb4 23. axb4 Ra3 24. Qe1 Bd3+ 25. Kf2 O-O 26. Ra1 Rfa8 27. Rxa3 Rxa3
28. Qc1 Ra2 29. Kg3 Qd6 30. Qc3 Ra4 31. Rh5 g5 32. Nb3 Qxb4 33. Qxb4 Rxb4 34.
Nc5 Rb1 35. fxg5 Bg6 0-1

[Event "4. Open Ciudad de Tres Cantos 2012"]
[Site "Tres Cantos ESP"]
[Date "2012.06.29"]
[Round "9.25"]
[White "Hernandez Mateo, Borja"]
[Black "Baeza Escudero, Javier"]
[Result "1-0"]
[WhiteElo "1719"]
[BlackElo "2031"]
[PlyCount "51"]
[EventDate "2012.06.21"]
[EventType "swiss"]
[EventRounds "9"]
[EventCountry "ESP"]
[Source "lmi"]
[SourceDate "2012.06.21"]

1. e4 e5 2. Nf3 Nc6 3. Bb5 a6 4. Ba4 Nf6 5. O-O Be7 6. Re1 b5 7. Bb3 d6 8. c3
O-O 9. h3 Na5 10. Bc2 c5 11. d4 Nd7 12. Nbd2 exd4 13. cxd4 Nc6 14. Nf1 d5 15.
exd5 Nxd4 16. Nxd4 cxd4 17. Qxd4 Bc5 18. Qd3 Nf6 19. Rd1 g6 20. Qc3 Qb6 21. Be3
Bxe3 22. Nxe3 Bb7 23. d6 Ne4 24. Bxe4 Bxe4 25. Ng4 Rac8 26. Nh6# 1-0

[Event "4. Open Ciudad de Tres Cantos 2012"]
[Site "Tres Cantos ESP"]
[Date "2012.06.29"]
[Round "9.26"]
[White "Santamaria Baeza, Adolfo"]
[Black "Rodriguez Gomez, Jose"]
[Result "1/2-1/2"]
[WhiteElo "1934"]
[BlackElo "1708"]
[PlyCount "117"]
[EventDate "2012.06.21"]
[EventType "swiss"]
[EventRounds "9"]
[EventCountry "ESP"]
[Source "lmi"]
[SourceDate "2012.06.21"]

1. e4 e5 2. Nf3 Nc6 3. Bc4 d6 4. d4 exd4 5. Nxd4 Nxd4 6. Qxd4 Nf6 7. Bg5 Be7 8.
Nc3 c6 9. O-O-O Qb6 10. Bxf6 gxf6 11. Qd2 Be6 12. Bxe6 fxe6 13. Qe2 Qc5 14. f4
O-O-O 15. Qg4 f5 16. Qg7 Rde8 17. exf5 Qxf5 18. Qd4 Kb8 19. Rhe1 d5 20. Re5 Qg6
21. Kb1 Bf6 22. f5 exf5 23. Rxe8+ Rxe8 24. Qf2 Bxc3 25. bxc3 Qe6 26. Kb2 Qe5
27. Qh4 Qc7 28. Rd4 Re4 29. Qf6 Rxd4 30. cxd4 f4 31. Qf8+ Qc8 32. Qxf4+ Qc7 33.
Qf8+ Qc8 34. Qf7 Qc7 35. Qh5 a6 36. g4 Qb6+ 37. Kc3 Qa5+ 38. Kd3 Qxa2 39. Qxh7
Qc4+ 40. Ke3 Qc3+ 41. Qd3 Qe1+ 42. Kf3 Qh4 43. Qf5 Qh3+ 44. Kf4 Qxh2+ 45. Kg5
Qd2+ 46. Qf4+ Qxf4+ 47. Kxf4 Kc8 48. Kf5 Kd8 49. Kg6 Ke7 50. g5 a5 51. Kh7 a4
52. g6 a3 53. g7 a2 54. g8=Q a1=Q 55. Qg7+ Kd6 56. Qf6+ Kc7 57. Qe7+ Kb8 58.
Kg8 Qxd4 59. Qd8+ 1/2-1/2

[Event "4. Open Ciudad de Tres Cantos 2012"]
[Site "Tres Cantos ESP"]
[Date "2012.06.29"]
[Round "9.29"]
[White "Casado Izquierdo, David"]
[Black "Martin Espeja, Jorge J"]
[Result "0-1"]
[WhiteElo "2115"]
[BlackElo "1830"]
[PlyCount "54"]
[EventDate "2012.06.21"]
[EventType "swiss"]
[EventRounds "9"]
[EventCountry "ESP"]
[Source "lmi"]
[SourceDate "2012.06.21"]

1. e4 e5 2. Nf3 Nc6 3. Bc4 Be7 4. d4 d6 5. d5 Nb8 6. Nc3 f5 7. Qe2 Nf6 8. Bg5
Nxd5 9. Nxd5 Bxg5 10. Nxg5 c6 11. Nf7 Kxf7 12. Nc7+ Kf6 13. Nxa8 d5 14. exd5
cxd5 15. O-O-O Be6 16. Rhe1 Nc6 17. Qh5 Qa5 18. Qh4+ Kf7 19. Bb3 Rxa8 20. Qxh7
Rc8 21. Qh5+ Kg8 22. Qg6 Bf7 23. Qxf5 Rc7 24. Kb1 Nd4 25. Qxe5 Nxb3 26. cxb3
Qc5 27. Rc1 Bg6+ 0-1

[Event "4. Open Ciudad de Tres Cantos 2012"]
[Site "Tres Cantos ESP"]
[Date "2012.06.29"]
[Round "9.32"]
[White "Martinez Miura, Enrique"]
[Black "De Torres Lopez, Ruben"]
[Result "1-0"]
[WhiteElo "1724"]
[BlackElo "1345"]
[PlyCount "89"]
[EventDate "2012.06.21"]
[EventType "swiss"]
[EventRounds "9"]
[EventCountry "ESP"]
[Source "lmi"]
[SourceDate "2012.06.21"]

1. e4 e5 2. Nf3 Nc6 3. Bb5 Nf6 4. d3 a6 5. Bxc6 dxc6 6. Nxe5 Be7 7. O-O O-O 8.
h3 Be6 9. Be3 Bd6 10. Nf3 Qe7 11. e5 Bxe5 12. Nxe5 Bxh3 13. Nxc6 bxc6 14. gxh3
Rab8 15. b3 Qe5 16. d4 Qe4 17. Nd2 Qg6+ 18. Kh2 Ne4 19. Nxe4 Qxe4 20. Rg1 Rfd8
21. Qg4 Qxg4 22. Rxg4 Ra8 23. c4 a5 24. Rd1 a4 25. b4 Rab8 26. a3 c5 27. bxc5
Rb3 28. Bc1 Rc3 29. d5 Rc2 30. Kg2 g6 31. d6 cxd6 32. cxd6 Kf8 33. d7 Rxc1 34.
Rxc1 Rxd7 35. Re4 Rd3 36. Re3 Rd2 37. c5 Rd8 38. c6 Rc8 39. c7 h5 40. f4 f5 41.
Re6 Kf7 42. Rd6 Ke7 43. Rxg6 Kd7 44. Rg5 Rxc7 45. Rg7+ 1-0

[Event "4. Open Ciudad de Tres Cantos 2012"]
[Site "Tres Cantos ESP"]
[Date "2012.06.29"]
[Round "9.4"]
[White "Adan Bermudez, Sergio"]
[Black "Renteria, Jorge"]
[Result "1-0"]
[WhiteElo "2320"]
[BlackElo "2326"]
[PlyCount "127"]
[EventDate "2012.06.21"]
[EventType "swiss"]
[EventRounds "9"]
[EventCountry "ESP"]
[Source "lmi"]
[SourceDate "2012.06.21"]

1. c4 c5 2. g3 Nc6 3. Bg2 g6 4. Nc3 Bg7 5. a3 a5 6. e4 d6 7. Nge2 e5 8. d3 Nge7
9. O-O O-O 10. Rb1 Rb8 11. Be3 Kh8 12. Qd2 Ng8 13. Nd5 b5 14. b4 cxb4 15. axb4
bxc4 16. b5 c3 17. Qxc3 Nce7 18. Nxe7 Nxe7 19. b6 a4 20. Qb4 Bg4 21. Nc3 f5 22.
Bg5 f4 23. Rfc1 h6 24. Bxe7 Qxe7 25. Nd5 Qg5 26. b7 h5 27. Qxd6 fxg3 28. fxg3
Rxb7 29. h4 Rxb1 30. Rxb1 Qd8 31. Qxg6 Qa8 32. Rc1 Qe8 33. Qa6 Qa8 34. Qg6 Qe8
35. Qd6 Rf7 36. Qa6 Kh7 37. Rc4 Bd7 38. Nc3 Bh6 39. Rc7 Qb8 40. Nd5 Bg7 41. Kh2
Bb5 42. Qd6 Rxc7 43. Nxc7 Bxd3 44. Qxd3 Qxc7 45. Qd1 a3 46. Qxh5+ Kg8 47. Qe8+
Bf8 48. Qe6+ Qf7 49. Qxf7+ Kxf7 50. Bf1 Bb4 51. Bc4+ Kg7 52. g4 Kg6 53. Kh3 Be1
54. g5 Kg7 55. Kg4 Bf2 56. h5 Be3 57. Kf5 Kh7 58. Kf6 Kh8 59. Ba2 Bf4 60. Bb3
Be3 61. h6 Bf4 62. Kg6 Bd2 63. Kh5 a2 64. g6 1-0

[Event "4. Open Ciudad de Tres Cantos 2012"]
[Site "Tres Cantos ESP"]
[Date "2012.06.29"]
[Round "9.6"]
[White "Aguado Solana, Juan"]
[Black "Barroso Barroso, Jorge"]
[Result "1/2-1/2"]
[WhiteElo "2083"]
[BlackElo "1812"]
[PlyCount "72"]
[EventDate "2012.06.21"]
[EventType "swiss"]
[EventRounds "9"]
[EventCountry "ESP"]
[Source "lmi"]
[SourceDate "2012.06.21"]

1. e4 e6 2. d4 d5 3. e5 c5 4. c3 Nc6 5. Nf3 Qb6 6. a3 cxd4 7. cxd4 Nge7 8. b4
Nf5 9. Bb2 Bd7 10. g4 Nfe7 11. Nbd2 Ng6 12. Rc1 Be7 13. Nb3 O-O 14. Qd2 f6 15.
Nc5 Bxc5 16. Rxc5 fxe5 17. Nxe5 Ncxe5 18. dxe5 Nh4 19. Be2 a6 20. Qg5 Qd8 21.
Qxd8 Raxd8 22. O-O Rc8 23. Rfc1 Rxc5 24. Rxc5 Bc6 25. Kf1 Nf3 26. Rc3 Nd2+ 27.
Ke1 Ne4 28. Rf3 Ng5 29. Re3 d4 30. Bxd4 Nf3+ 31. Bxf3 Rxf3 32. h3 Rxe3+ 33.
Bxe3 Kf7 34. Ke2 Kg6 35. f3 h5 36. Bc5 hxg4 1/2-1/2

[Event "4. Open Ciudad de Tres Cantos 2012"]
[Site "Tres Cantos ESP"]
[Date "2012.06.29"]
[Round "9.7"]
[White "Ledo Galan, Jose Emilio"]
[Black "Nuñez Miranda, Adrian"]
[Result "0-1"]
[WhiteElo "2079"]
[BlackElo "1902"]
[PlyCount "128"]
[EventDate "2012.06.21"]
[EventType "swiss"]
[EventRounds "9"]
[EventCountry "ESP"]
[Source "lmi"]
[SourceDate "2012.06.21"]

1. e4 e5 2. Nf3 d6 3. d4 exd4 4. Nxd4 Nf6 5. Nc3 Nbd7 6. Bc4 Be7 7. O-O O-O 8.
Nf5 Nc5 9. Nxe7+ Qxe7 10. f3 c6 11. Bg5 b5 12. Be2 b4 13. Nb1 Qe5 14. Be3 Ne6
15. Qc1 Qa5 16. Nd2 d5 17. Nb3 Qc7 18. exd5 Nxd5 19. Bf2 Nef4 20. Qd2 a5 21.
Nc5 Qe5 22. Bd3 Qg5 23. Be1 Ne3 24. Ne4 Nh3+ 25. Kh1 Nxf1 26. Qxg5 Nxg5 27.
Nxg5 h6 28. Nxf7 Rxf7 29. Bxf1 Ba6 30. Bxa6 Rxa6 31. Rd1 Re7 32. Kg1 Re2 33.
Bd2 c5 34. Kf1 Rae6 35. c3 Kf7 36. cxb4 axb4 37. a3 bxa3 38. bxa3 Re7 39. a4
R2e6 40. Rc1 Rd7 41. Be1 Rd4 42. a5 Ra4 43. Rb1 Ra2 44. Bc3 Rc2 45. Rb7+ Re7
46. Rxe7+ Kxe7 47. Bxg7 h5 48. h3 Ra2 49. Bc3 Kf7 50. Be1 c4 51. g4 Kg6 52. f4
Rc2 53. Bb4 Rb2 54. f5+ Kf7 55. Be1 Rh2 56. g5 Rxh3 57. Kg2 Rb3 58. g6+ Kf6 59.
Bf2 Kxf5 60. g7 Rb8 61. Bd4 Ra8 62. a6 Kg6 63. Kf3 Kf7 64. Kf4 Rxa6 0-1

[Event "4. Open Ciudad de Tres Cantos 2012"]
[Site "Tres Cantos ESP"]
[Date "2012.06.29"]
[Round "9.8"]
[White "Heras Cuencas, Miguel Angel"]
[Black "Arauz Alonso, Fernando"]
[Result "0-1"]
[WhiteElo "1985"]
[BlackElo "2059"]
[PlyCount "140"]
[EventDate "2012.06.21"]
[EventType "swiss"]
[EventRounds "9"]
[EventCountry "ESP"]
[Source "lmi"]
[SourceDate "2012.06.21"]

1. d4 e6 2. c4 d5 3. Nc3 Nf6 4. Bg5 Be7 5. e3 Nbd7 6. Nf3 O-O 7. Rc1 c6 8. Bd3
dxc4 9. Bxc4 Nd5 10. Bxe7 Qxe7 11. O-O Nxc3 12. Rxc3 e5 13. dxe5 Nxe5 14. Nxe5
Qxe5 15. f4 Qe4 16. Qf3 Bf5 17. Bd3 Qxf3 18. gxf3 Bh3 19. Rd1 Rad8 20. Rcc1 Rd7
21. Bf1 Rfd8 22. Rxd7 Bxd7 23. Rd1 Kf8 24. e4 Ke7 25. Kf2 f6 26. Ke3 Be6 27.
Rxd8 Kxd8 28. a3 Ke7 29. Kd4 Bb3 30. f5 Kd6 31. f4 c5+ 32. Kc3 Bd1 33. Bc4 b6
34. Bg8 h6 35. Bc4 Bf3 36. Kd3 Bd1 37. Kc3 Bf3 38. Kd3 Bd1 39. Kc3 Ba4 40. Kd3
Bc6 41. Ke3 Bd7 42. Bd5 Bxf5 43. Bc4 Be6 44. Bd3 g5 45. Bc2 Bc4 46. Kf3 Ke6 47.
Ke3 Bf1 48. Bb3+ Kd6 49. Kf2 Bh3 50. Ke3 Be6 51. Bc2 a6 52. Bd1 Bc4 53. Bc2 Bf1
54. Kf2 Bh3 55. Bd3 b5 56. Kg3 c4 57. Be2 Be6 58. h4 a5 59. h5 b4 60. e5+ Ke7
61. fxg5 fxg5 62. axb4 axb4 63. Kf3 c3 64. bxc3 bxc3 65. Ke3 Bf5 66. Bc4 g4 67.
Bb3 g3 68. Kf3 c2 69. Bxc2 Bxc2 70. Kxg3 Ke6 0-1

[Event "4. Open Ciudad de Tres Cantos 2012"]
[Site "Tres Cantos ESP"]
[Date "2012.06.29"]
[Round "9.18"]
[White "Galan Fernandez, Felix"]
[Black "De La Orden Alcocer, Alejandro"]
[Result "1-0"]
[WhiteElo "2085"]
[BlackElo "1839"]
[PlyCount "113"]
[EventDate "2012.06.21"]
[EventType "swiss"]
[EventRounds "9"]
[EventCountry "ESP"]
[Source "lmi"]
[SourceDate "2012.06.21"]

1. e4 c5 2. Nf3 d6 3. d4 cxd4 4. Nxd4 Nf6 5. Nc3 g6 6. Be3 Bg7 7. f3 h5 8. Bc4
a6 9. Qd2 Nbd7 10. a4 Qc7 11. Bb3 Ne5 12. a5 Nc4 13. Bxc4 Qxc4 14. Na4 Nd7 15.
Nb6 Nxb6 16. axb6 O-O 17. b3 Qc5 18. Ra5 Qxb6 19. Nf5 Qc7 20. Nxg7 Kxg7 21.
Bh6+ Kg8 22. Rxh5 Re8 23. O-O f6 24. Rh4 Kf7 25. Be3 Rg8 26. f4 Bd7 27. e5 Rh8
28. Qf2 dxe5 29. fxe5 Qxe5 30. Bd4 Qg5 31. Rf4 Bf5 32. h4 Qh5 33. g4 Bxg4 34.
Bxf6 Bf5 35. Bg5 Qh7 36. Qc5 Rhe8 37. Qe5 Kg8 38. h5 Qxh5 39. Bxe7 Qh7 40. Re1
Qg7 41. Qd5+ Qf7 42. Qe5 Qg7 43. Qd5+ Qf7 44. Qxb7 Rab8 45. Qa7 Qd5 46. Qf2 Rb7
47. Bf6 Rxe1+ 48. Qxe1 Qc5+ 49. Rd4 Kf7 50. Qh4 Rd7 51. Qh8 Ke6 52. c3 Rf7 53.
Qd8 Be4 54. Bh4 Bc6 55. b4 Qe5 56. Qc8+ Bd7 57. Qc4+ 1-0

[Event "4. Open Ciudad de Tres Cantos 2012"]
[Site "Tres Cantos ESP"]
[Date "2012.06.29"]
[Round "9.19"]
[White "Minguela Muñoz, Bienvenido"]
[Black "Cano Cabanillas, Javier"]
[Result "0-1"]
[WhiteElo "1878"]
[BlackElo "2024"]
[PlyCount "116"]
[EventDate "2012.06.21"]
[EventType "swiss"]
[EventRounds "9"]
[EventCountry "ESP"]
[Source "lmi"]
[SourceDate "2012.06.21"]

1. d4 Nf6 2. c4 g6 3. Nc3 d5 4. e3 Bg7 5. cxd5 Nxd5 6. Nf3 O-O 7. Bc4 Nb6 8.
Bb3 c5 9. O-O Na6 10. Ne5 cxd4 11. exd4 Nc7 12. Qf3 Qxd4 13. Nd3 Qg4 14. Qe3
Be6 15. Bd1 Qd4 16. Nc5 Bc4 17. Re1 Nbd5 18. Nxd5 Nxd5 19. Qxd4 Bxd4 20. Nb3
Bg7 21. Bf3 Bxb3 22. axb3 e6 23. Ra5 Rfd8 24. Rd1 b6 25. Ra4 a5 26. Rc4 Rab8
27. Bxd5 exd5 28. Rc6 Rdc8 29. Rd6 d4 30. Kf1 Rc2 31. Bg5 Rxb2 32. Rd3 Re8 33.
g3 h6 34. Rd8 Rb1+ 35. Kg2 Rbe1 36. Rxe8+ Rxe8 37. Bf4 b5 38. Kf1 a4 39. Bd6
Rc8 40. bxa4 bxa4 41. Ra3 Rc4 42. Ke2 Bf8 43. Bxf8 Kxf8 44. Kd3 Rc3+ 45. Rxc3
dxc3 46. Kxc3 Ke7 47. Kb4 Ke6 48. Kxa4 Kd5 49. Kb4 Ke4 50. f4 f6 51. Kc4 h5 52.
Kc5 h4 53. Kd6 Kf5 54. Kd5 Kg4 55. Ke6 f5 56. Kf6 hxg3 57. hxg3 Kxg3 58. Kg5
Kf3 0-1

[Event "4. Open Ciudad de Tres Cantos 2012"]
[Site "Tres Cantos ESP"]
[Date "2012.06.29"]
[Round "9.21"]
[White "Ortega Morales, Pedro"]
[Black "Bartolome Chicharro, Jesus"]
[Result "1/2-1/2"]
[WhiteElo "1910"]
[BlackElo "1807"]
[PlyCount "118"]
[EventDate "2012.06.21"]
[EventType "swiss"]
[EventRounds "9"]
[EventCountry "ESP"]
[Source "lmi"]
[SourceDate "2012.06.21"]

1. d4 d5 2. Bf4 Nc6 3. c3 Bf5 4. Nf3 Nf6 5. h3 e6 6. e3 Be7 7. Bb5 Nd7 8. Bxc6
bxc6 9. Qa4 Bd6 10. Bxd6 cxd6 11. Qxc6 O-O 12. Qxd6 Qc8 13. O-O Nf6 14. Nbd2
Rb8 15. Qa3 Qc7 16. Rac1 Bd3 17. Rfe1 Rb5 18. b3 Rfb8 19. Ne5 Ne4 20. Nxd3 Nxd2
21. Nc5 Qe7 22. Qb2 Ne4 23. Nxe4 dxe4 24. c4 Rg5 25. Qe2 Qf6 26. Rf1 Qh6 27.
Kh2 e5 28. f4 exf3 29. Qxf3 Qg6 30. dxe5 Rxe5 31. Rcd1 Rbe8 32. Rd5 Re4 33. Rd4
R4e7 34. e4 Qg5 35. Rd5 Qg6 36. e5 h6 37. Rd6 Qg5 38. Rd5 Qg6 39. Rfd1 Qb6 40.
Rd7 Qe6 41. Rxe7 Rxe7 42. Rd8+ Kh7 43. Qd5 Qb6 44. Qd3+ g6 45. Qd4 Rxe5 46.
Qxb6 axb6 47. Rd6 b5 48. Rd5 Rxd5 49. cxd5 Kg7 50. Kg3 b4 51. Kf4 Kf6 52. Ke4
Ke7 53. Kd4 f5 54. Ke5 Kd7 55. d6 f4 56. h4 g5 57. hxg5 hxg5 58. Kf5 Kxd6 59.
Kxg5 Ke5 1/2-1/2

[Event "4. Open Ciudad de Tres Cantos 2012"]
[Site "Tres Cantos ESP"]
[Date "2012.06.29"]
[Round "9.27"]
[White "Tolosana Esteban, Enrique"]
[Black "Marcos Herrero, Francisco"]
[Result "1-0"]
[WhiteElo "1718"]
[BlackElo "1914"]
[PlyCount "97"]
[EventDate "2012.06.21"]
[EventType "swiss"]
[EventRounds "9"]
[EventCountry "ESP"]
[Source "lmi"]
[SourceDate "2012.06.21"]

1. e4 c5 2. f4 Nc6 3. Nc3 g6 4. Nf3 Bg7 5. a3 e6 6. Bc4 Nge7 7. Nb5 d5 8. exd5
exd5 9. Bb3 O-O 10. O-O Qb6 11. Ba4 d4 12. Nd6 Be6 13. Ng5 Nd8 14. Nxe6 Nxe6
15. Nc4 Qa6 16. Bb3 b5 17. Ne5 c4 18. Ba2 Qd6 19. d3 cxd3 20. Qxd3 a6 21. Bd2
Nc6 22. Nxc6 Qxc6 23. Bb4 Rfc8 24. f5 gxf5 25. Qxf5 Nd8 26. Bd5 Qg6 27. Qxg6
hxg6 28. Bxa8 Rxa8 29. Rad1 Ne6 30. Rf3 Rc8 31. c3 Rc6 32. g3 Rc4 33. Rfd3 dxc3
34. Bxc3 Nc5 35. Rd8+ Kh7 36. Bxg7 Kxg7 37. Rc8 Kf6 38. a4 Nxa4 39. Rxc4 bxc4
40. Rd2 Ke5 41. Kf1 Nc5 42. Ke2 Nd3 43. Ke3 Nc5 44. g4 g5 45. Rf2 f6 46. Rf5+
Kd6 47. Rxf6+ Kd5 48. Rf5+ Kc6 49. Rxg5 1-0

[Event "4. Open Ciudad de Tres Cantos 2012"]
[Site "Tres Cantos ESP"]
[Date "2012.06.29"]
[Round "9.28"]
[White "Salgado Duarte, Pablo"]
[Black "Largo Barbero, Benito"]
[Result "0-1"]
[WhiteElo "1565"]
[BlackElo "1864"]
[PlyCount "110"]
[EventDate "2012.06.21"]
[EventType "swiss"]
[EventRounds "9"]
[EventCountry "ESP"]
[Source "lmi"]
[SourceDate "2012.06.21"]

1. d4 Nf6 2. c4 g6 3. Nc3 Bg7 4. Nf3 O-O 5. e4 d6 6. Bg5 h6 7. Bxf6 Bxf6 8. h3
Nd7 9. Be2 c5 10. Qd2 a6 11. Qxh6 Bg7 12. Qd2 Rb8 13. O-O cxd4 14. Nxd4 Nf6 15.
Nf3 Bd7 16. Rfd1 Qc8 17. Qe3 Nh5 18. Nd5 Qd8 19. Rab1 Nf6 20. Nxf6+ Bxf6 21.
Rd2 Qa5 22. a3 Bg7 23. Rd5 Qc7 24. Qd3 Be6 25. Rg5 Bh6 26. Qe3 Kh7 27. Qd4 f6
28. Rg3 Bf4 29. Rg4 Bxg4 30. hxg4 Rh8 31. g3 Be5 32. Qe3 Kg7 33. Nh4 Qc5 34.
Qf3 Rh7 35. b4 Qd4 36. Rd1 Qc3 37. Rd3 Qc1+ 38. Rd1 Qb2 39. Qe3 Rbh8 40. Rd2
Qc1+ 41. Kg2 g5 42. Nf5+ Kf7 43. Rd1 Qxe3 44. Nxe3 Rh2+ 45. Kf3 Rh1 46. Rd3 Rc1
47. Rb3 Rhh1 48. Nd5 Bd4 49. Rd3 Ba7 50. Rb3 Rc2 51. b5 Bxf2 52. bxa6 bxa6 53.
Rb7 Rh2 54. Rxe7+ Kf8 55. Rd7 Bd4 0-1

[Event "4. Open Ciudad de Tres Cantos 2012"]
[Site "Tres Cantos ESP"]
[Date "2012.06.29"]
[Round "9.31"]
[White "Sierra Soria, Maria"]
[Black "Blanco Fuente, Carlos"]
[Result "1-0"]
[WhiteElo "1768"]
[BlackElo "1658"]
[PlyCount "73"]
[EventDate "2012.06.21"]
[EventType "swiss"]
[EventRounds "9"]
[EventCountry "ESP"]
[Source "lmi"]
[SourceDate "2012.06.21"]

1. e4 c6 2. c4 d5 3. cxd5 cxd5 4. exd5 Qxd5 5. Nc3 Qa5 6. d4 Nf6 7. Nf3 e6 8.
Bd3 Nc6 9. O-O a6 10. Bg5 Nd5 11. Qd2 Bb4 12. Rac1 Bd7 13. Bh4 O-O 14. Bb1 Nce7
15. Qd3 Ng6 16. Ng5 Ndf4 17. Qf3 Bc6 18. d5 exd5 19. Ne2 d4 20. Rxc6 Nxe2+ 21.
Qxe2 bxc6 22. a3 Bd2 23. b4 Qe5 24. Qxd2 Nxh4 25. Bxh7+ Kh8 26. Bc2 Qf6 27. Ne4
Qg6 28. Ng3 Qf6 29. Bd3 Ng6 30. Rc1 Nf4 31. Be4 Qg5 32. Qc2 d3 33. Qxc6 Rac8
34. Qxc8 Ng6 35. Bxg6 fxg6 36. Qxf8+ Kh7 37. Rc8 1-0

[Event "4. Open Ciudad de Tres Cantos 2012"]
[Site "Tres Cantos ESP"]
[Date "2012.06.29"]
[Round "9.34"]
[White "Bernal Zajarov, Mateo"]
[Black "Benitez Cadenas, Luis Miguel"]
[Result "1-0"]
[WhiteElo "1506"]
[BlackElo "1719"]
[PlyCount "81"]
[EventDate "2012.06.21"]
[EventType "swiss"]
[EventRounds "9"]
[EventCountry "ESP"]
[Source "lmi"]
[SourceDate "2012.06.21"]

1. d4 d5 2. c4 c6 3. Nc3 Nf6 4. Nf3 dxc4 5. a4 Bf5 6. e3 e6 7. Bxc4 Bb4 8. O-O
Nbd7 9. h3 Nb6 10. Bb3 c5 11. Bc2 Bxc2 12. Qxc2 cxd4 13. Nxd4 O-O 14. Rd1 Qe7
15. Ne4 Rac8 16. Nxf6+ Qxf6 17. Qe4 Nd5 18. Nf3 Be7 19. Ne5 Rc7 20. Bd2 Rfc8
21. Rac1 Bd6 22. Nd3 Qe7 23. Qf3 Nb4 24. Rxc7 Rxc7 25. Bxb4 Bxb4 26. Nxb4 g6
27. Qe4 Qc5 28. Qd4 Qxd4 29. Rxd4 a5 30. Nd3 Kf8 31. Ne5 f6 32. Nd3 Ke7 33. b4
e5 34. Rd5 axb4 35. Rb5 e4 36. Nc5 f5 37. Nxb7 b3 38. Rxb3 Rc4 39. a5 Ra4 40.
Rb5 Kd7 41. Nc5+ 1-0

[Event "4. Open Ciudad de Tres Cantos 2012"]
[Site "Tres Cantos ESP"]
[Date "2012.06.29"]
[Round "9.36"]
[White "Camarero Izquierdo, Juan Carlos"]
[Black "Sierra Bermejo, Gregorio"]
[Result "1-0"]
[WhiteElo "1890"]
[BlackElo "1663"]
[PlyCount "69"]
[EventDate "2012.06.21"]
[EventType "swiss"]
[EventRounds "9"]
[EventCountry "ESP"]
[Source "lmi"]
[SourceDate "2012.06.21"]

1. d4 d5 2. Nc3 Nf6 3. Bg5 Nbd7 4. Nf3 g6 5. Qd2 h6 6. Bf4 c6 7. O-O-O Qa5 8.
Kb1 Nh5 9. e3 Nxf4 10. exf4 e6 11. Qe3 Bg7 12. h4 b5 13. h5 b4 14. Ne2 gxh5 15.
f5 Nf6 16. Ng3 Ng4 17. Qe1 c5 18. Nxh5 Bf8 19. fxe6 Bxe6 20. Nf4 Kd7 21. dxc5
Qxc5 22. Nd4 Qd6 23. Bb5+ Kc8 24. Nfxe6 fxe6 25. Bc6 Rb8 26. Qe2 Ne5 27. Qa6+
Kd8 28. Qxa7 Rc8 29. Nxe6+ Qxe6 30. Bxd5 Qe7 31. Be6+ Ke8 32. Qa4+ Nc6 33. Bxc8
Qc7 34. Rhe1+ Be7 35. Bd7+ 1-0